000 00495nam a2200181 a 4500
005 20240806063853.0
008 991125s1949 mx 000 0 spa u
035 _aUPN01000039344
049 _aCG
050 4 _aPQ7297 A34
_bM5
100 1 _aAlessio Robles, Miguel,
_d1884-1951
_928522
245 1 0 _aMi generación y mi época /
_cMiguel Alessio Robles.
260 _aMéxico :
_bStylo,
_c1949.
300 _a273 p.
440 0 _aStylo
650 4 _aLiteratura mexicana
_94466
905 _aLibro
999 _c39344
_d39344